000 00315nam a2200121Ia 4500
008 210428s9999 xx 000 0 und d
082 _a545 H254 Q
100 _aDaniel C.Harris
_952173
245 0 _aQuantitative Chemical Analysis
260 _bW.H.Freeman company
_aNew york
_c1999
300 _a899p
942 _cBK
999 _c559939
_d559939